Trí tuệ nhân tạo

Gespeichert in:
Bibliographische Detailangaben
1. Verfasser: Challoner, Jack
Format: Buch
Sprache:Undetermined
Veröffentlicht: Thành phố Hồ Chí Minh Trẻ 2004
Schlagworte:
Tags: Tag hinzufügen
Keine Tags, Fügen Sie den ersten Tag hinzu!
Thư viện lưu trữ: Trung tâm Học liệu Trường Đại học Cần Thơ
LEADER 00585nam a2200193Ia 4500
001 CTU_74779
008 210402s9999 xx 000 0 und d
020 |c 11000 
082 |a 005.73 
082 |b Ch473 
100 |a Challoner, Jack 
245 0 |a Trí tuệ nhân tạo 
245 0 |c Jack Challoner; Ngụy Hữu Tâm dịch; Ngô Quốc Quýnh hiệu đính 
260 |a Thành phố Hồ Chí Minh 
260 |b Trẻ 
260 |c 2004 
650 |a Artificial Intelligence 
904 |i Nguyên 
980 |a Trung tâm Học liệu Trường Đại học Cần Thơ